000 00353nam a22001337a 4500
008 181019b xxu||||| |||| 00| 0 eng d
020 _a0965227499
041 _aeng
080 _a330
100 _a58
101 _aBIZ
245 _a"In Business As In Life- You Don't Get What You Deserve, You Get What You Negotiate
_cKarrass,Ch.L
942 _2udc
_cBK
999 _c50294
_d50294